| 000 | 01664nam a2200421Ii 4500 | ||
|---|---|---|---|
| 001 | DIGUVALLE467 | ||
| 003 | NyNyDIG | ||
| 006 | m o d | ||
| 007 | cr ||||||||||| | ||
| 008 | 240606s2023 ck ob 000 0 spa d | ||
| 035 | _a(OCoLC)1415895767 | ||
| 040 |
_aDGITA _beng _erda _epn _cDGITA |
||
| 020 |
_a9786287617612 _qpdf |
||
| 020 | _z9786287617605 | ||
| 024 | 7 |
_a10.25100/peu.7617605 _2doi |
|
| 050 | 1 | 4 | _aLC1031 ebook |
| 245 | 0 | 0 |
_aEducación por competencias científicas / _cÉdgar Andrés Espinosa Ríos [and 6 others]. |
| 250 | _aPrimera edición. | ||
| 264 | 1 |
_aCali, Colombia : _bUniversidad del Valle, Programa Editorial, _c[2023] |
|
| 300 | _a1 online resource. | ||
| 336 |
_atext _btxt _2rdacontent |
||
| 337 |
_acomputer _bc _2rdamedia |
||
| 338 |
_aonline resource _bcr _2rdacarrier |
||
| 347 |
_atext file _2rdaft |
||
| 347 | _bPDF | ||
| 490 | 1 | _aColección: Educación y Pedagogía | |
| 504 | _aIncludes bibliographical references. | ||
| 588 | 0 | _aOnline resource; title from PDF title page (Digitalia, viewed June 6, 2024) | |
| 650 | 0 | _aCompetency-based education. | |
| 700 | 1 |
_aEspinosa Ríos, Edgar Andrés, _eauthor. |
|
| 791 | 2 |
_aDigitalia (Firm), _edistributor. |
|
| 793 | 0 |
_gDigitalia eBook Collection: _aUniversidad del Valle |
|
| 776 | 0 | 8 |
_iPrint version: _tEducación por competencias científicas. _bPrimera edición. _dCali, Colombia : Universidad del Valle, Programa Editorial, [2023] _z9786287617605 |
| 830 | 0 | _aColección Educación y pedagogía (Cali, Colombia) | |
| 856 | 4 | 0 |
_3Digitalia Hispánica _uhttps://www.digitaliapublishing.com/a/156594/ |
| 910 | _aPremium collection: 2024 | ||
| 942 | _cRAA | ||
| 999 |
_c286572 _d286572 |
||